000 00700nam a2200277Ia 4500
005 20260324112137.0
008 008 260324s9999 xx 000 0 eng d
020 _a9780367808839
037 _aEBOOK
040 _aCRL
040 _beng
040 _cCRL
041 _2eng
041 _aeng
084 _qCRL
100 _aAgnes Lugo-Ortiz; Graciela Montaldo
_91141475
245 4 _aThe Routledge Hispanic Studies Companion to Nineteenth-Century Latin America
260 _bTaylor and Francis
260 _c2024
365 _a
365 _b325
856 _uhttp://www.taylorfrancis.com/books/9780367808839
942 _cEBOOK
999 _c1730573
_d1730573